000 00807nam a2200241 a 4500
001 000021302
005 20200930011306.0
008 100903s1967 sp r 000 | spa d
040 _aDO-SdBNP
_bspa
_cBNPHU
082 _a867.4
_bC145e
100 1 _aCadalso, José.
_944514
245 1 0 _aLos eruditos a la violeta /
_cJosé Cadalso; introducción, selección y notas de Nigel Glendinning.
260 _aSalamanca, (España) :
_bEdiciones Anaya,
_c1967.
300 _a167 p. ;
_c17 cm.
490 1 _aBiblioteca Anaya
_v76
500 _aIncluye citas bibliográficas
500 _aIncluye lista de obras de la colección
650 4 _aSátira española
_94899
650 4 _aLiteratura española
_9632
700 1 _aGlendinning, Nigel
_eintr.
_944515
830 0 _aBiblioteca Anaya
_98674
049 _aBNGR
999 _c20802
_d20802